Parques y Zonas de Portaventura World - Estadísticas

Estadísticas generales
  • Esta prueba ha sido intentada 26 veces
  • La puntuación promedio es 8 de 9
Estadísticas de respuestas
Zona % Correcto
China
95%
Far West
90%
Ferrari Land
90%
Mediterrània
86%
México
86%
Caribe Aquatic Park
81%
Portaventura Park
81%
Polynesia
76%
Sésamo Aventura
71%
No se encontraron pruebas coincidentes
Distribución de puntuación
Porcentaje de gente con cada puntuación
Porcentaje por número respondido
Historial de tus puntuaciones
No has intentado esta prueba.